Tratado de estabilización y reciclado de capas de firmes con emulsión asfáltica

Guardado en:
Bibliografiske detaljer
Hovedforfatter: Fernández del Campo, Juan Antonio, 1936-2004
Format: Bog
Sprog:Spanish
Udgivet: Madrid : Asociación Española de la Carretera, 1998
Fag:
Tags: Tilføj Tag
Ingen Tags, Vær først til at tagge denne postø!

MARC

LEADER 00000nam a2200000Ia 4500
003 003862
005 20240131080737.0
008 140114s1998 cr a 000 ||spa d
040 |c cru CEDI  
082 |a 625.85 F363t 
100 |a  Fernández del Campo, Juan Antonio, 1936-2004  |9 2260 
245 |a Tratado de estabilización y reciclado de capas de firmes con emulsión asfáltica 
260 |a Madrid : Asociación Española de la Carretera,   |c 1998 
300 |a :34 p. : ilustraciones ; 21 cm 
500 |a Titulo original: Tratado de estabilización y reciclado de firmes con emulsión asfáltica  
650 |x PAVIMENTOS DE ASFALTO - DISEÑO Y CONSTRUCCION   |x MEZCLAS DE EMULSION ASFALTICA - CONTROL DE CALIDAD   |x MEZCLAS DE EMULSION ASFALTICA - PRUEBAS 
942 |2 ddc  |c LIBRO  |h 625.85 F363t  |i 003862  |6 625_850000000000000_F363T_003862 
999 |c 12800  |d 12800